Imágenes de conocimiento tradicional (Registro nro. 20711)
[ vista simple ]
| 000 -CABECERA | |
|---|---|
| Campo de control | 00925nam a22002177a 4500 |
| 005 - FECHA Y HORA DE LA ULTIMA TRANSACCION | |
| Campo de control | 20200122123923.0 |
| 008 - ELEMENTOS DE LONGITUD FIJA—INFORMACION GENERAL | |
| Campo de control | 200122b xxu||||| |||| 00| 0 spa d |
| 040 ## - FUENTE DE CATALOGACIÓN | |
| Agencia catalogadora original | CO-BoIAVH |
| Agencia transcriptora | CO-BoIAVH |
| 041 ## - IDIOMA | |
| Código de idioma para texto/pista de sonido o título separado | Español |
| 044 ## - PAÍS DE PUBLICACIÓN | |
| País de publicación | Colombia |
| 082 ## - NUMERO DE CLASIFICACION DECIMAL DEWEY | |
| Número de clasificación | 398.09861 |
| Número del ítem | I59i |
| 110 ## - ASIENTO PRINCIPAL--NOMBRE CORPORATIVO | |
| 9 (RLIN) | 101577 |
| Nombre corporativo o de jurisdicción como elemento de entrada | Instituto de Investigaciones Ambientales del Pacífico IIAP |
| 245 ## - MENCION DE TITULO | |
| Título | Imágenes de conocimiento tradicional |
| Mención de responsabilidad | Instituto de Investigaciones Ambientales del Pacífico IIAP |
| 260 ## - PUBLICACION, DISTRIBUCION, ETC. (PIE DE IMPRENTA) | |
| Lugar de publicación, distribución, etc. | s.l |
| Nombre del editor, distribuidor, etc. | Programa de las Naciones Unidas para el Desarrollo PNUD |
| Fecha de publicación, distribución, etc. | s.f |
| 300 ## - DESCRIPCION FISICA | |
| Extensión | 104 páginas |
| Otros detalles físicos | Fotografías a blanco y negro |
| Dimensiones | 22.7 x 16.3 cm |
| 650 #0 - ASIENTO SECUNDARIO DE MATERIA - TERMINO TEMATICO | |
| 9 (RLIN) | 72194 |
| Término temático o nombre geográfico como elemento de entrada | Conocimiento tradicional |
| Subdivisión geográfica | Pacífico (Región, Colombia) |
| 650 #0 - ASIENTO SECUNDARIO DE MATERIA - TERMINO TEMATICO | |
| 9 (RLIN) | 72197 |
| Término temático o nombre geográfico como elemento de entrada | Indígenas del Pacífico (Región, Colombia) |
| Subdivisión general | Vida social y costumbres. |
| 650 #0 - ASIENTO SECUNDARIO DE MATERIA - TERMINO TEMATICO | |
| 9 (RLIN) | 10062 |
| Término temático o nombre geográfico como elemento de entrada | Comunidad Embera |
| 650 #0 - ASIENTO SECUNDARIO DE MATERIA - TERMINO TEMATICO | |
| 9 (RLIN) | 3414 |
| Término temático o nombre geográfico como elemento de entrada | Comunidades afrocolombianas |
| Subdivisión geográfica | Región pacífica (Colombia) |
| 942 ## - ELEMENTOS ADICIONALES (KOHA) | |
| Sistema de clasificación | Dewey Decimal Classification |
| Tipo de ítem | Libro |
| Withdrawn status | Lost status | Sistema de Clasificación | Damaged status | No para préstamo | Colección | Ubicación Permanente | Ubicación actual | Fecha de adquisición | Total Checkouts | Número topográfico | Inventario / Código de Barras | Date last seen | Ejemplar | Price effective from | Forma de adquisición | Tipo de material |
|---|---|---|---|---|---|---|---|---|---|---|---|---|---|---|---|---|
| Dewey Decimal Classification | General | Bogotá | Bogotá | 22/01/2020 | LB-398.09861 I59i | 043981 | 22/01/2020 | Ej. 1 | 22/01/2020 | Donación | Libro |